000
00291nam a22001337a 4500
020
_a
978-1-8619-7278-1
082
_a
158
_b
GRE/L
100
_a
GREENE,ROBERT
245
_a
POWER
260
_a
LONDON
_b
PROFILE BOOKS
300
_a
452
650
_a
PERSONALITY DEVELOPMENT
_z
LONDON
942
_c
BK
999
_c
5155
_d
5155